| 000 -LEADER |
| fixed length control field |
02062cam a2200373 a 4500 |
| 001 - CONTROL NUMBER |
| control field |
2012842 |
| 003 - CONTROL NUMBER IDENTIFIER |
| control field |
OSt |
| 005 - DATE AND TIME OF LATEST TRANSACTION |
| control field |
20191014120012.0 |
| 008 - FIXED-LENGTH DATA ELEMENTS--GENERAL INFORMATION |
| fixed length control field |
161009r20142011enkabh e b 001 0 eng |
| 020 ## - INTERNATIONAL STANDARD BOOK NUMBER |
| International Standard Book Number |
9780099590088 |
| Qualifying information |
(pbk.) : |
| 020 ## - INTERNATIONAL STANDARD BOOK NUMBER |
| International Standard Book Number |
0099590085 |
| Qualifying information |
(pbk.) |
| 040 ## - CATALOGING SOURCE |
| Original cataloging agency |
AU@ |
| Language of cataloging |
eng |
| Description conventions |
rda |
| Transcribing agency |
AU@ |
| Modifying agency |
OCLCO |
| -- |
YDXCP |
| -- |
CUD |
| -- |
IVV |
| -- |
OCLCF |
| -- |
OCLCO |
| -- |
SINLB |
| -- |
OCLCO |
| -- |
P4A |
| -- |
TKU |
| 041 1# - LANGUAGE CODE |
| Language code of text/sound track or separate title |
eng |
| Language code of original |
heb |
| 042 ## - AUTHENTICATION CODE |
| Authentication code |
nbic |
| 082 ## - DEWEY DECIMAL CLASSIFICATION NUMBER |
| Classification number |
909 HAR |
| 100 1# - MAIN ENTRY--PERSONAL NAME |
| Personal name |
Harari, Yuval N. |
| Relator term |
author |
| 245 10 - TITLE STATEMENT |
| Title |
Sapiens : |
| Remainder of title |
a brief history of mankind / |
| Statement of responsibility, etc. |
Yuval Noah Harari ; translated by the author, with the help of John Purcell and Haim Watzman. |
| 260 ## - PUBLICATION, DISTRIBUTION, ETC. |
| Place of publication, distribution, etc. |
London : |
| Name of publisher, distributor, etc. |
Vintage Books, |
| Date of publication, distribution, etc. |
2014. |
| 300 ## - PHYSICAL DESCRIPTION |
| Extent |
x, 498 p. : |
| Other physical details |
ill., maps, facsimiles ; |
| Dimensions |
20 cm. |
| 500 ## - GENERAL NOTE |
| General note |
First published by Harvill Secker in 2014--Title page verso. |
| 500 ## - GENERAL NOTE |
| General note |
First published in Hebrew in Israel in 2011 by Kinneret, Zmora-Bitan, Dvir - title verso. |
| 504 ## - BIBLIOGRAPHY, ETC. NOTE |
| Bibliography, etc. note |
Includes bibliographical references (p. 467-480) and index. |
| 505 0# - FORMATTED CONTENTS NOTE |
| Formatted contents note |
Part 1: The cognitive revolution. An animal of no significance ; The tree of knowledge ; A day in the life of Adam and Eve ; The flood -- Part 2: The agricultural revolution. History's biggest fraud ; Building pyramids ; Memory overload ; There is no justice in history -- Part 3 : The unification of humankind. The arrow of history ; The scent of money ; Imperial visions ; The law of religion ; The secret of success -- Part 4: The scientific revolution. The discovery of ignorance ; The marriage of science and empire ; The capitalist creed ; The wheels of industry ; A permanent revolution ; And they lived happily ever after ; The end of Homo sapiens -- Afterword: The animal that became a god. |
| 546 ## - LANGUAGE NOTE |
| Language note |
Translated from the Hebrew. |
| 650 #0 - SUBJECT ADDED ENTRY--TOPICAL TERM |
| Topical term or geographic name entry element |
Chronology, Historical. |
| 650 #0 - SUBJECT ADDED ENTRY--TOPICAL TERM |
| Topical term or geographic name entry element |
Civilization |
| General subdivision |
History. |
| 650 #0 - SUBJECT ADDED ENTRY--TOPICAL TERM |
| Topical term or geographic name entry element |
Cognition and culture. |
| 650 #0 - SUBJECT ADDED ENTRY--TOPICAL TERM |
| Topical term or geographic name entry element |
Human beings |
| General subdivision |
History. |
| 650 #0 - SUBJECT ADDED ENTRY--TOPICAL TERM |
| Topical term or geographic name entry element |
Technology and civilization |
| General subdivision |
History. |
| 650 #0 - SUBJECT ADDED ENTRY--TOPICAL TERM |
| Topical term or geographic name entry element |
World history. |
| 700 1# - ADDED ENTRY--PERSONAL NAME |
| Personal name |
Purcell, John. |
| 700 1# - ADDED ENTRY--PERSONAL NAME |
| Personal name |
Watzman, Haim. |
| 942 ## - ADDED ENTRY ELEMENTS (KOHA) |
| Source of classification or shelving scheme |
|
| Koha item type |
Books - Non Ficton |